Szczegóły MARC21

Die Schlafwandler : eine Romantrilogie /

003 -Nazwa inst., której nr kontr. jest w polu 001 [,]
    • @
    • Nazwa instytucji, której n kontrolny jest w polu 001
    • NUKAT
005 -DATA I CZAS OSTATNIEJ MODYFIKACJI [,]
    • @
    • pole kontrolne
    • 20241231104052.0
040 -Instytucja sporządzająca opis [ , ]
    • a
    • Instytucja, która sporządziła opis (NP)
    • Ł U/BKG
    • c
    • Instytucja, która sporządziła rekord (NP)
    • Ł U/BKG
    • d
    • Instytucja, która zmodyfikowała rekord (P)
    • Ł U/AS
    • d
    • Instytucja, która zmodyfikowała rekord (P)
    • Ł U/ASs
942 -Rodzaj dokumentu [ , ]
    • c
    • Rodzaj dokumentu
    • Książka
100 -Hasło główne - nazwa osobowa [1, ]
    • a
    • Nazwa osobowa (NP)
    • Broch, Hermann
    • d
    • Daty biograficzne (NP)
    • (1886-1951).
    • 9
    • KHW
    • 95312
240 -Tytuł ujednolicony [1,0]
    • a
    • Tytuł ujednolicony
    • Schlafwandler
    • l
    • Język tekstu
    • (niem.)
    • 9
    • KHW
    • 420237
245 -Strefa tytułu i oznaczenia odpowiedzialności [1,4]
    • a
    • Tytuł
    • Die Schlafwandler : Find
    • b
    • Ciąg dalszy tytułu (NP)
    • eine Romantrilogie / Find
    • c
    • Pozostałe elementy strefy tytułu i oznaczenia odpowiedzialności (NP)
    • Hermann Broch.
250 -Strefa wydania [ , ]
    • a
    • Oznaczenie wydania (NP)
    • Sonderausg., 4 Aufl. des Werkes.
260 -Strefa adresu wydawniczego [ , ]
    • a
    • Miejsce wydania (P)
    • Zürich :
    • b
    • Nazwa wydawcy (P)
    • Rhein-Verlag,
    • c
    • Data wydania (P)
    • 1952.
300 -Strefa opisu fizycznego [ , ]
    • a
    • Określenie formy książki i/lub objętość (NP)
    • 760, [1] s. ;
    • c
    • Format (NP)
    • 20 cm.
336 -Typ zawartości [ , ]
    • a
    • Termin opisujący typ zawartości
    • Tekst
    • b
    • Kod określający zawartość
    • txt
    • 2
    • Źródło (terminu i kodu)
    • rdacontent
337 -Typ mediów [ , ]
    • a
    • Tryb odtwarzania
    • Bez urządzenia pośredniczącego
    • b
    • Kod typu mediów
    • n
    • 2
    • Źródło (terminu i kodu)
    • rdamedia
338 -Typ/rodzaj nośnika [ , ]
    • a
    • Hasło opisujące typ nośnika
    • Wolumin
    • b
    • Kod typu nośnika
    • nc
    • 2
    • Źródło (terminu i kodu)
    • rdacarrier
380 -Deskryptor - Forma dzieła (P) [ , ]
    • a
    • forma dzieła (NP)
    • Proza
490 -Strefa serii i książki wielotomowej - forma nie do wyszukiwania [1, ]
    • a
    • Tytuł (P)
    • Gesammelte Werke / Hermann Broch ; Find
    • v
    • Numeracja (P)
    • 2
505 -Uwaga dot. zawartości książki [0, ]
    • a
    • Uwaga dot. zawartości książki
    • Pasenow oder die Romantik ; Esch oder die Anarchie ; Huguenau oder die Sachlichkeit.
655 -Hasło w funkcji tematu formalnego [ ,7]
    • a
    • Hasło
    • Powieść austriacka
    • y
    • Określnik chronologiczny
    • 1900-1945.
    • 2
    • Źródło terminu
    • kaba
    • 9
    • KHW
    • 401815
700 -Hasło dodatkowe - nazwa osobowa [1,2]
    • a
    • Nazwa osobowa (NP)
    • Broch, Hermann Find
    • d
    • Daty biograficzne (NP)
    • (1886-1951).
    • t
    • Tytuł ujednolicony/tytuł (NP)
    • Pasenow oder Die Romantik Find
    • l
    • Język tekstu (NP)
    • (niem.)
    • 9
    • KHW
    • 420233
700 -Hasło dodatkowe - nazwa osobowa [1,2]
    • a
    • Nazwa osobowa (NP)
    • Broch, Hermann Find
    • d
    • Daty biograficzne (NP)
    • (1886-1951).
    • t
    • Tytuł ujednolicony/tytuł (NP)
    • Esch oder Die Anarchie Find
    • l
    • Język tekstu (NP)
    • (niem.)
    • 9
    • KHW
    • 420234
700 -Hasło dodatkowe - nazwa osobowa [1,2]
    • a
    • Nazwa osobowa (NP)
    • Broch, Hermann Find
    • d
    • Daty biograficzne (NP)
    • (1886-1951).
    • t
    • Tytuł ujednolicony/tytuł (NP)
    • Huguenau oder Die Sachlichkeit Find
    • l
    • Język tekstu (NP)
    • (niem.)
    • 9
    • KHW
    • 420235
800 -Hasło dodatkowe opisu książki wielotomowej - nazwa osobowa [1, ]
    • a
    • Nazwa osobowa (NP)
    • Broch, Hermann
    • d
    • Daty biograficzne (NP)
    • (1886-1951).
    • t
    • Tytuł ujednolicony/tytuł (NP)
    • Gesammelte Werke
    • v
    • Oznaczenie tomu (NP)
    • 2
    • 9
    • KHW
    • 420236
Obwoluta Sygnatura Numer inwentarzowy Status udost. Lokalizacja Data inwentaryzacji
1Germ. Literatura austriackaBC.9071-3BM2017-07-26